<?xml version="1.0" encoding="UTF-8"?>
<record
    xmlns:xsi="http://www.w3.org/2001/XMLSchema-instance"
    xsi:schemaLocation="http://www.loc.gov/MARC21/slim http://www.loc.gov/standards/marcxml/schema/MARC21slim.xsd"
    xmlns="http://www.loc.gov/MARC21/slim">

  <leader>02477nam a2200385 a 4500</leader>
  <controlfield tag="001">39361</controlfield>
  <controlfield tag="003">BD-RjUL</controlfield>
  <controlfield tag="005">20211209052956.0</controlfield>
  <controlfield tag="008">160409b2012    bg ||||| |||| 00| 0 ben d</controlfield>
  <datafield tag="020" ind1=" " ind2=" ">
    <subfield code="a">9840750178 [V-4 (N0.1)]</subfield>
    <subfield code="c">: Tk. 400.00</subfield>
  </datafield>
  <datafield tag="020" ind1=" " ind2=" ">
    <subfield code="a">9840750186 [V-4 (N0.2)]</subfield>
    <subfield code="c">: Tk. 400.00</subfield>
  </datafield>
  <datafield tag="020" ind1=" " ind2=" ">
    <subfield code="a">9840750194 [V-4 (N0.3)]</subfield>
    <subfield code="c">: Tk. 400.00</subfield>
  </datafield>
  <datafield tag="035" ind1=" " ind2=" ">
    <subfield code="a">(BD-RjUL)39474</subfield>
  </datafield>
  <datafield tag="040" ind1=" " ind2=" ">
    <subfield code="a">BD-RjUL</subfield>
    <subfield code="b">ben</subfield>
    <subfield code="c">BD-RjUL</subfield>
  </datafield>
  <datafield tag="041" ind1=" " ind2=" ">
    <subfield code="a">ben</subfield>
  </datafield>
  <datafield tag="082" ind1=" " ind2=" ">
    <subfield code="2">23</subfield>
    <subfield code="a">954.92</subfield>
    <subfield code="b">BAN 2012</subfield>
  </datafield>
  <datafield tag="245" ind1="0" ind2="0">
    <subfield code="a">&#x9AC;&#x9BE;&#x982;&#x9B2;&#x9BE; &#x993; &#x9AC;&#x9BE;&#x999;&#x9BE;&#x9B2;&#x9BF;&#x9B0; &#x987;&#x9A4;&#x9BF;&#x9B9;&#x9BE;&#x9B8; / </subfield>
    <subfield code="c">&#x989;&#x9AA;&#x9A6;&#x9C7;&#x9B8;&#x9CD;&#x99F;&#x9BE; &#x9B8;&#x9BE;&#x9B2;&#x9BE;&#x9B9;&#x9CD;&#x989;&#x9A6;&#x9CD;&#x9A6;&#x9BF;&#x9A8; &#x986;&#x9B9;&#x9AE;&#x9C7;&#x9A6;, &#x986;&#x9A8;&#x9BF;&#x9B8;&#x9C1;&#x99C;&#x9CD;&#x99C;&#x9BE;&#x9AE;&#x9BE;&#x9A8; ; &#x9B8;&#x9AE;&#x9CD;&#x9AA;&#x9BE;&#x9A6;&#x995; &#x985;&#x99C;&#x9AF;&#x9BC; &#x9B0;&#x9BE;&#x9AF;&#x9BC;, &#x9B6;&#x9BE;&#x9AE;&#x9B8;&#x9C1;&#x99C;&#x9CD;&#x99C;&#x9BE;&#x9AE;&#x9BE;&#x9A8; &#x996;&#x9BE;&#x9A8; ; &#x9AF;&#x9C1;&#x997;&#x9CD;&#x9AE;-&#x9B8;&#x9AE;&#x9CD;&#x9AA;&#x9BE;&#x9A6;&#x995; &#x985;&#x9AA;&#x9B0;&#x9C7;&#x9B6; &#x995;&#x9C1;&#x9AE;&#x9BE;&#x9B0; &#x9AC;&#x9CD;&#x9AF;&#x9BE;&#x9A8;&#x9BE;&#x9B0;&#x9CD;&#x99C;&#x9C0;, &#x986;&#x9AE;&#x9BF;&#x9A8;&#x9C1;&#x9B0; &#x9B0;&#x9B9;&#x9AE;&#x9BE;&#x9A8; &#x9B8;&#x9C1;&#x9B2;&#x9A4;&#x9BE;&#x9A8;  </subfield>
  </datafield>
  <datafield tag="260" ind1=" " ind2=" ">
    <subfield code="a">&#x9A2;&#x9BE;&#x995;&#x9BE; :</subfield>
    <subfield code="b">&#x9AC;&#x9BE;&#x982;&#x9B2;&#x9BE; &#x98F;&#x995;&#x9BE;&#x9A1;&#x9C7;&#x9AE;&#x9C0; ,</subfield>
    <subfield code="c">&#x9E8;&#x9E6;&#x9E7;&#x9E8; .</subfield>
  </datafield>
  <datafield tag="300" ind1=" " ind2=" ">
    <subfield code="a"> &#x996;&#x9A3;&#x9CD;&#x9A1; ; </subfield>
    <subfield code="c">&#x9E8;&#x9E8; &#x9B8;&#x9C7;&#x9AE;&#x9BF;. </subfield>
  </datafield>
  <datafield tag="490" ind1=" " ind2=" ">
    <subfield code="a">&#x9AC;&#x9BE;/&#x98F; ; </subfield>
    <subfield code="v">&#x9EA;&#x9EF;&#x9EF;&#x9EF; </subfield>
    <subfield code="a">&#x9AC;&#x9BE;/&#x98F; ; </subfield>
    <subfield code="v">&#x9EB;&#x9E6;&#x9E6;&#x9E6;</subfield>
    <subfield code="a">&#x9AC;&#x9BE;/&#x98F; ; </subfield>
    <subfield code="v">&#x9EB;&#x9E6;&#x9E6;&#x9E7;</subfield>
  </datafield>
  <datafield tag="504" ind1=" " ind2=" ">
    <subfield code="a">&#x9A4;&#x9A5;&#x9CD;&#x9AF;&#x9A8;&#x9BF;&#x9B0;&#x9CD;&#x9A6;&#x9C7;&#x9B6; &#x9B8;&#x982;&#x9AF;&#x9C1;&#x995;&#x9CD;&#x9A4; </subfield>
  </datafield>
  <datafield tag="505" ind1=" " ind2=" ">
    <subfield code="a"> &#x996;&#x9A3;&#x9CD;&#x9A1; &#x9EA; ( &#x9E7;&#x9AE; &#x9AA;&#x9B0;&#x9CD;&#x9AC; ) &#x9AE;&#x9BE;&#x9B0;&#x9CD;&#x99A; &#x9E7;&#x9EF;&#x9ED;&#x9E7;- &#x9A1;&#x9BF;&#x9B8;&#x9C7;&#x9AE;&#x9CD;&#x9AC;&#x9B0; &#x9E7;&#x9EF;&#x9ED;&#x9E8; , ( &#x9E8;&#x9AF;&#x9BC; &#x9AA;&#x9B0;&#x9CD;&#x9AC; ) &#x9AE;&#x9BE;&#x9B0;&#x9CD;&#x99A; &#x9E7;&#x9EF;&#x9ED;&#x9E7;- &#x9A1;&#x9BF;&#x9B8;&#x9C7;&#x9AE;&#x9CD;&#x9AC;&#x9B0; &#x9E7;&#x9EF;&#x9ED;&#x9E8; , ( &#x9E9;&#x9AF;&#x9BC; &#x9AA;&#x9B0;&#x9CD;&#x9AC; ) &#x9AE;&#x9BE;&#x9B0;&#x9CD;&#x99A; &#x9E7;&#x9EF;&#x9ED;&#x9E7;- &#x9A1;&#x9BF;&#x9B8;&#x9C7;&#x9AE;&#x9CD;&#x9AC;&#x9B0; &#x9E7;&#x9EF;&#x9ED;&#x9E8; --</subfield>
  </datafield>
  <datafield tag="650" ind1=" " ind2=" ">
    <subfield code="a">&#x9AC;&#x9BE;&#x982;&#x9B2;&#x9BE;&#x9A6;&#x9C7;&#x9B6; </subfield>
    <subfield code="v">&#x987;&#x9A4;&#x9BF;&#x9B9;&#x9BE;&#x9B8; </subfield>
    <subfield code="9">121343</subfield>
  </datafield>
  <datafield tag="650" ind1=" " ind2=" ">
    <subfield code="a">Bangladesh</subfield>
    <subfield code="v">History</subfield>
    <subfield code="9">121344</subfield>
  </datafield>
  <datafield tag="700" ind1=" " ind2=" ">
    <subfield code="a">&#x986;&#x9B9;&#x9AE;&#x9C7;&#x9A6;, &#x9B8;&#x9BE;&#x9B2;&#x9BE;&#x9B9;&#x9CD;&#x989;&#x9A6;&#x9CD;&#x9A6;&#x9BF;&#x9A8;, &#x989;&#x9AA;&#x9A6;&#x9C7;&#x9B8;&#x9CD;&#x99F;&#x9BE;</subfield>
    <subfield code="9">121345</subfield>
  </datafield>
  <datafield tag="700" ind1=" " ind2=" ">
    <subfield code="a">&#x986;&#x9A8;&#x9BF;&#x9B8;&#x9C1;&#x99C;&#x9CD;&#x99C;&#x9BE;&#x9AE;&#x9BE;&#x9A8;, &#x989;&#x9AA;&#x9A6;&#x9C7;&#x9B8;&#x9CD;&#x99F;&#x9BE;</subfield>
    <subfield code="9">121346</subfield>
  </datafield>
  <datafield tag="700" ind1=" " ind2=" ">
    <subfield code="a">&#x9B0;&#x9BE;&#x9AF;&#x9BC;, &#x985;&#x99C;&#x9AF;&#x9BC;, &#x9B8;&#x9AE;&#x9CD;&#x9AA;&#x9BE;&#x9A6;&#x995;</subfield>
    <subfield code="9">121347</subfield>
  </datafield>
  <datafield tag="700" ind1=" " ind2=" ">
    <subfield code="a">&#x996;&#x9BE;&#x9A8;, &#x9B6;&#x9BE;&#x9AE;&#x9B8;&#x9C1;&#x99C;&#x9CD;&#x99C;&#x9BE;&#x9AE;&#x9BE;&#x9CD;&#x200C;&#x9A8;, &#x9B8;&#x9AE;&#x9CD;&#x9AA;&#x9BE;&#x9A6;&#x995; </subfield>
    <subfield code="9">121348</subfield>
  </datafield>
  <datafield tag="700" ind1=" " ind2=" ">
    <subfield code="a">&#x9AC;&#x9CD;&#x9AF;&#x9BE;&#x9A8;&#x9BE;&#x9B0;&#x9CD;&#x99C;&#x9C0;, &#x985;&#x9AA;&#x9B0;&#x9C7;&#x9B6; &#x995;&#x9C1;&#x9AE;&#x9BE;&#x9B0; , &#x9AF;&#x9C1;&#x997;&#x9CD;&#x9AE;-&#x9B8;&#x9AE;&#x9CD;&#x9AA;&#x9BE;&#x9A6;&#x995;  </subfield>
    <subfield code="9">121349</subfield>
  </datafield>
  <datafield tag="700" ind1=" " ind2=" ">
    <subfield code="a">&#x9B8;&#x9C1;&#x9B2;&#x9A4;&#x9BE;&#x9A8;, &#x986;&#x9AE;&#x9BF;&#x9A8;&#x9C1;&#x9B0; &#x9B0;&#x9B9;&#x9AE;&#x9BE;&#x9A8;, &#x9AF;&#x9C1;&#x997;&#x9CD;&#x9AE;-&#x9B8;&#x9AE;&#x9CD;&#x9AA;&#x9BE;&#x9A6;&#x995;  </subfield>
    <subfield code="9">121350</subfield>
  </datafield>
  <datafield tag="830" ind1=" " ind2=" ">
    <subfield code="a">&#x9AC;&#x9BE;/&#x98F; ; </subfield>
    <subfield code="v">&#x9EA;&#x9EF;&#x9EF;&#x9EF; </subfield>
    <subfield code="9">119822</subfield>
  </datafield>
  <datafield tag="830" ind1=" " ind2=" ">
    <subfield code="a">&#x9AC;&#x9BE;/&#x98F; ; </subfield>
    <subfield code="v">&#x9EB;&#x9E6;&#x9E6;&#x9E6;</subfield>
    <subfield code="9">119822</subfield>
  </datafield>
  <datafield tag="830" ind1=" " ind2=" ">
    <subfield code="a">&#x9AC;&#x9BE;/&#x98F; ; </subfield>
    <subfield code="v">&#x9EB;&#x9E6;&#x9E6;&#x9E7;</subfield>
    <subfield code="9">119822</subfield>
  </datafield>
  <datafield tag="942" ind1=" " ind2=" ">
    <subfield code="2">ddc</subfield>
    <subfield code="c">BK</subfield>
    <subfield code="0">9</subfield>
  </datafield>
  <datafield tag="999" ind1=" " ind2=" ">
    <subfield code="c">39361</subfield>
    <subfield code="d">39361</subfield>
  </datafield>
  <datafield tag="952" ind1=" " ind2=" ">
    <subfield code="0">0</subfield>
    <subfield code="1">0</subfield>
    <subfield code="2">ddc</subfield>
    <subfield code="4">0</subfield>
    <subfield code="7">1</subfield>
    <subfield code="8">NFIC</subfield>
    <subfield code="a">RUCL</subfield>
    <subfield code="b">RUCL</subfield>
    <subfield code="c">Reading</subfield>
    <subfield code="d">2015-12-23</subfield>
    <subfield code="e">Rajshahi, Viddyasagar</subfield>
    <subfield code="g">400.00</subfield>
    <subfield code="l">0</subfield>
    <subfield code="o">B 954.92 BAN V-4(No.1) 2012</subfield>
    <subfield code="r">2016-04-09 00:00:00</subfield>
    <subfield code="t">C-1</subfield>
    <subfield code="w">2021-12-09</subfield>
    <subfield code="y">BK</subfield>
  </datafield>
  <datafield tag="952" ind1=" " ind2=" ">
    <subfield code="0">0</subfield>
    <subfield code="1">0</subfield>
    <subfield code="2">ddc</subfield>
    <subfield code="4">0</subfield>
    <subfield code="7">0</subfield>
    <subfield code="8">NFIC</subfield>
    <subfield code="a">RUCL</subfield>
    <subfield code="b">RUCL</subfield>
    <subfield code="c">Stack</subfield>
    <subfield code="d">2015-12-23</subfield>
    <subfield code="e">Rajshahi, Viddyasagar</subfield>
    <subfield code="g">400.00</subfield>
    <subfield code="l">6</subfield>
    <subfield code="m">1</subfield>
    <subfield code="o">B 954.92 BAN V-4(No.1) 2012</subfield>
    <subfield code="r">2025-01-22 00:00:00</subfield>
    <subfield code="s">2024-12-11</subfield>
    <subfield code="t">C-2</subfield>
    <subfield code="w">2021-12-09</subfield>
    <subfield code="y">BK</subfield>
  </datafield>
  <datafield tag="952" ind1=" " ind2=" ">
    <subfield code="0">0</subfield>
    <subfield code="1">0</subfield>
    <subfield code="2">ddc</subfield>
    <subfield code="4">0</subfield>
    <subfield code="7">0</subfield>
    <subfield code="8">NFIC</subfield>
    <subfield code="a">RUCL</subfield>
    <subfield code="b">RUCL</subfield>
    <subfield code="c">Stack</subfield>
    <subfield code="d">2015-12-23</subfield>
    <subfield code="e">Rajshahi, Viddyasagar</subfield>
    <subfield code="g">400.00</subfield>
    <subfield code="l">4</subfield>
    <subfield code="m">1</subfield>
    <subfield code="o">B 954.92 BAN V-4(No.1) 2012</subfield>
    <subfield code="r">2020-02-17 00:00:00</subfield>
    <subfield code="s">2020-01-19</subfield>
    <subfield code="t">C-3</subfield>
    <subfield code="w">2021-12-09</subfield>
    <subfield code="y">BK</subfield>
  </datafield>
  <datafield tag="952" ind1=" " ind2=" ">
    <subfield code="0">0</subfield>
    <subfield code="1">0</subfield>
    <subfield code="2">ddc</subfield>
    <subfield code="4">0</subfield>
    <subfield code="7">1</subfield>
    <subfield code="8">NFIC</subfield>
    <subfield code="a">RUCL</subfield>
    <subfield code="b">RUCL</subfield>
    <subfield code="c">Reading</subfield>
    <subfield code="d">2015-12-23</subfield>
    <subfield code="e">Rajshahi, Viddyasagar</subfield>
    <subfield code="g">400.00</subfield>
    <subfield code="l">0</subfield>
    <subfield code="o">B 954.92 BAN V-4(No.2) 2012</subfield>
    <subfield code="r">2016-04-09 00:00:00</subfield>
    <subfield code="t">C-1</subfield>
    <subfield code="w">2016-04-09</subfield>
    <subfield code="y">BK</subfield>
  </datafield>
  <datafield tag="952" ind1=" " ind2=" ">
    <subfield code="0">0</subfield>
    <subfield code="1">0</subfield>
    <subfield code="2">ddc</subfield>
    <subfield code="4">0</subfield>
    <subfield code="7">0</subfield>
    <subfield code="8">NFIC</subfield>
    <subfield code="a">RUCL</subfield>
    <subfield code="b">RUCL</subfield>
    <subfield code="c">Stack</subfield>
    <subfield code="d">2015-12-23</subfield>
    <subfield code="e">Rajshahi, Viddyasagar</subfield>
    <subfield code="g">400.00</subfield>
    <subfield code="l">8</subfield>
    <subfield code="m">0</subfield>
    <subfield code="o">B 954.92 BAN V-4(No.2) 2012</subfield>
    <subfield code="r">2021-12-15 00:00:00</subfield>
    <subfield code="s">2021-12-15</subfield>
    <subfield code="t">C-2</subfield>
    <subfield code="w">2016-04-09</subfield>
    <subfield code="y">BK</subfield>
  </datafield>
  <datafield tag="952" ind1=" " ind2=" ">
    <subfield code="0">0</subfield>
    <subfield code="1">0</subfield>
    <subfield code="2">ddc</subfield>
    <subfield code="4">0</subfield>
    <subfield code="7">0</subfield>
    <subfield code="8">NFIC</subfield>
    <subfield code="a">RUCL</subfield>
    <subfield code="b">RUCL</subfield>
    <subfield code="c">Stack</subfield>
    <subfield code="d">2015-12-23</subfield>
    <subfield code="e">Rajshahi, Viddyasagar</subfield>
    <subfield code="g">400.00</subfield>
    <subfield code="l">3</subfield>
    <subfield code="o">B 954.92 BAN V-4(No.2) 2012</subfield>
    <subfield code="r">2022-09-28 00:00:00</subfield>
    <subfield code="s">2022-09-22</subfield>
    <subfield code="t">C-3</subfield>
    <subfield code="w">2016-04-09</subfield>
    <subfield code="y">BK</subfield>
  </datafield>
  <datafield tag="952" ind1=" " ind2=" ">
    <subfield code="0">0</subfield>
    <subfield code="1">0</subfield>
    <subfield code="2">ddc</subfield>
    <subfield code="4">0</subfield>
    <subfield code="7">1</subfield>
    <subfield code="8">NFIC</subfield>
    <subfield code="a">RUCL</subfield>
    <subfield code="b">RUCL</subfield>
    <subfield code="c">Reading</subfield>
    <subfield code="d">2015-12-23</subfield>
    <subfield code="e">Rajshahi, Viddyasagar</subfield>
    <subfield code="g">400.00</subfield>
    <subfield code="l">0</subfield>
    <subfield code="o">B 954.92 BAN V-4(No.3) 2012</subfield>
    <subfield code="r">2016-04-09 00:00:00</subfield>
    <subfield code="t">C-1</subfield>
    <subfield code="w">2016-04-09</subfield>
    <subfield code="y">BK</subfield>
  </datafield>
  <datafield tag="952" ind1=" " ind2=" ">
    <subfield code="0">0</subfield>
    <subfield code="1">0</subfield>
    <subfield code="2">ddc</subfield>
    <subfield code="4">0</subfield>
    <subfield code="7">0</subfield>
    <subfield code="8">NFIC</subfield>
    <subfield code="a">RUCL</subfield>
    <subfield code="b">RUCL</subfield>
    <subfield code="c">Stack</subfield>
    <subfield code="d">2015-12-23</subfield>
    <subfield code="e">Rajshahi, Viddyasagar</subfield>
    <subfield code="g">400.00</subfield>
    <subfield code="l">2</subfield>
    <subfield code="o">B 954.92 BAN V-4(No.3) 2012</subfield>
    <subfield code="r">2017-02-04 00:00:00</subfield>
    <subfield code="s">2017-01-19</subfield>
    <subfield code="t">C-2</subfield>
    <subfield code="w">2016-04-09</subfield>
    <subfield code="y">BK</subfield>
  </datafield>
  <datafield tag="952" ind1=" " ind2=" ">
    <subfield code="0">0</subfield>
    <subfield code="1">0</subfield>
    <subfield code="2">ddc</subfield>
    <subfield code="4">0</subfield>
    <subfield code="7">0</subfield>
    <subfield code="8">NFIC</subfield>
    <subfield code="a">RUCL</subfield>
    <subfield code="b">RUCL</subfield>
    <subfield code="c">Stack</subfield>
    <subfield code="d">2015-12-23</subfield>
    <subfield code="e">Rajshahi, Viddyasagar</subfield>
    <subfield code="g">400.00</subfield>
    <subfield code="l">2</subfield>
    <subfield code="o">B 954.92 BAN V-4(No.3) 2012</subfield>
    <subfield code="r">2017-02-08 00:00:00</subfield>
    <subfield code="s">2017-01-21</subfield>
    <subfield code="t">C-3</subfield>
    <subfield code="w">2016-04-09</subfield>
    <subfield code="y">BK</subfield>
  </datafield>
</record>
